| 000 | 00919nam a2200265Ia 4500 | ||
|---|---|---|---|
| 003 | OSt | ||
| 005 | 20220918171210.0 | ||
| 006 | a|||||r|||| 00| 0 | ||
| 007 | ta | ||
| 008 | 220917b |||||||| |||| 00| 0 eng d | ||
| 020 |
_a9781409406396 (hbk) _cUKP 105.00 |
||
| 024 | _a325,860 | ||
| 037 |
_b8351, 12/02/2018, Efficient Book Distributors _cTextual |
||
| 040 |
_aARTS _cARTS _beng |
||
| 041 |
_2eng _aeng |
||
| 082 | _aO111,2J64:g, Q8 | ||
| 100 |
_aDewar-Watson Sarah Au. _934711 |
||
| 245 | 0 |
_aShakespeare's poetics _b Aristotle and anglo italian renaissance genres |
|
| 260 |
_aLondon _bRoutledge UK _c2018 |
||
| 300 |
_ax,161p. _ccm. |
||
| 490 | _aAnglo-italian renaissance studies | ||
| 650 |
_aENGLISH LITERATURE; SHAKESPEARE, WILLIAM _929096 |
||
| 942 |
_hO111,2J64:g, Q8 _cTEXL _2CC |
||
| 999 |
_c138288 _d138288 |
||